LEADER 01053nam2-22003251i-450- 001 990003019090403321 005 20130517174952.0 035 $a000301909 035 $aFED01000301909 035 $a(Aleph)000301909FED01 035 $a000301909 100 $a20030910d1993----km-y0itay50------ba 101 0 $aita 102 $aIT 200 1 $aBilancia dei pagamenti$eiconti con l'estero dell'Italia, la lira, i problemi dell'Unione monetaria europea$fRainer S. Masera, Salvatore Rossi 210 $aPadova$cCedam$d1993 215 $aXIII, 350 p.$d24 cm 461 0$1001000300275$12001$aTrattato di statistica economica$fdiretto da Antonino Giannone$v10 610 0 $aItalia e Unione monetaria europea 700 1$aMasera,$bRainer$f<1944- >$0109078 701 1$aRossi,$bSalvatore$083265 801 0$aIT$bUNINA$gRICA$2UNIMARC 901 $aBK 912 $a990003019090403321 952 $aO/2.212 MAS$b14480$fSES 952 $aXV M3 306$b226$fDTE 959 $aDTE 959 $aSES 996 $aBilancia dei pagamenti$9467518 997 $aUNINA LEADER 01699nas 2200409 n 450 001 990008883940403321 005 20240229084242.0 011 $a0333-1512 035 $a000888394 035 $aFED01000888394 035 $a(Aleph)000888394FED01 035 $a000888394 091 $2CNR$aP 00122002 100 $a20161109a19819999km-y0itaa50------ba 101 0 $amul 102 $aIT 110 $aauu-------- 200 1 $aActa ad archaeologiam et artium historiam pertinentia. Series altera in 8 207 1$a1981- 210 $aRoma$cGiorgio Bretschneider 326 $aAnnuale 431 0$1001000888393$12001$aActa ad archaeologiam et artium historiam pertinentia 530 0 $aActa ad archaeologiam et artium historiam pertinentia. Series altera in 8 675 $a7 675 $a902 675 $a930 712 02$aINSTITUTUM ROMANUM NORVEGIAE 801 0$aIT$bACNP$c20090723 859 4 $uhttp://acnp.cib.unibo.it/cgi-ser/start/it/cnr/dc-p1.tcl?catno=68032&person=false&language=ITALIANO&libr=&libr_th=unina1$zBiblioteche che possiedono il periodico 901 $aSE 912 $a990008883940403321 958 $aBRAU. Biblioteca di Ricerca di Area Umanistica$b1981-$eItalia 409$fFLFBC 959 $aFLFBC 996 $aActa ad archaeologiam et artium historiam pertinentia. Series altera in 8$9802272 997 $aUNINA AP1 8 $6866-01$aNA072 BRAU. Biblioteca di Ricerca di Area Umanistica$bItalia 409$ePiazza Bellini 56/60, 80133 Napoli (NA)$m(081) 2533948$nit AP2 40$aacnp.cib.unibo.it$nACNP Italian Union Catalogue of Serials$uhttp://acnp.cib.unibo.it/cgi-ser/start/it/cnr/df-p.tcl?catno=68032&language=ITALIANO&libr=&person=&B=1&libr_th=unina&proposto=NO